Podmienky pre uplatnenie zľavy na manželku (manžela) v r. 2024

Pri výpočte daňovej povinnosti k dani z príjmov si môže daňovník uplatniť zľavu na manželku (manžela) formou zníženia svojho základu dane o nezdaniteľnú časť. Na uplatnenie nezdaniteľnej časti základu dane na manželku (manžela) sú určené zákonné podmienky. Výška tejto nezdaniteľnej časti závisí od v...

Descrizione completa

Salvato in:
Dettagli Bibliografici
Autore principale: Valterová, Ivana
Natura: Capitolo di libro
Lingua:slovacco
Soggetti:
Tags: Aggiungi Tag
Nessun Tag, puoi essere il primo ad aggiungerne!!

MARC

LEADER 00000naa a2200000 4500
001 0297591
005 20240417075257.1
041 0 |a slo 
044 |a SK 
245 1 0 |a Podmienky pre uplatnenie zľavy na manželku (manžela) v r. 2024  |c Ivana Valterová 
520 |a Pri výpočte daňovej povinnosti k dani z príjmov si môže daňovník uplatniť zľavu na manželku (manžela) formou zníženia svojho základu dane o nezdaniteľnú časť. Na uplatnenie nezdaniteľnej časti základu dane na manželku (manžela) sú určené zákonné podmienky. Výška tejto nezdaniteľnej časti závisí od výšky základu dane daňovníka, ktorý si túto nezdaniteľnú časť základu dane uplatňuje a od výšky vlastných príjmov manželského partnera, na ktorých sa táto nezdaniteľná časť uplatňuje. 
610 2 0 |a povinnosť daňová 
610 2 0 |a dane z príjmov 
610 2 0 |a daňovníci 
610 2 0 |a manželstvo 
610 2 0 |a základ dane 
610 2 0 |a úľavy daňové 
610 2 0 |a právo pracovné 
610 2 0 |a zákony 
100 1 |a Valterová, Ivana